=LDR 00000nam 2200000 4500 =001 INLIS000000000032270 =005 20130612134302 =008 ***********************************ind** =035 ##$$0010-061300000032270 =041 ##$$a ind =082 ##$$a 430 =090 ##$$a 430, Hid b =100 ##$$a Hidayat, Amir F =245 ##$$a Bahasa jerman bagi Pemula, Untuk SMA Dan SMK, Amir F Hidayat =260 ##$$a 2006 $b Bandung =300 ##$$a 200 hal, Ilus, 24 cm =650 ##$$a Bahasa Jerman =850 ##$$a NBPNMAT =990 ##$$a 0001/BPAP-NTB/20142015 =990 ##$$a 0001/BPAP-NTB/2016